[Event "DEM U14 2023"]
[Site "Willingen GER"]
[Date "2023.05.31"]
[Round "6"]
[White "Besou, Hussain"]
[Black "Haug, Havard"]
[Result "1/2-1/2"]
[Termination "normal"]
[Board "1"]
[WhiteTitle "FM"]
[BlackTitle "CM"]
[WhiteElo "2304"]
[BlackElo "2202"]
[WhiteClock "00:52:06"]
[BlackClock "00:58:15"]
[PlyCount "41"]
[WhiteFideId "16269950"]
[BlackFideId "1547887"]
[EventCountry "GER"]
[EventRounds "9"]
[EventType "swiss"]
[EventDate "2023.05.27"]

1. d4 {[%clk 01:30:57]} {[%emt 00:00:03]} d5 {[%clk 01:30:49]} {[%emt
00:00:05]} 2. c4 {[%clk 01:31:15]} {[%emt 00:00:19]} e6 {[%clk 01:31:15]}
{[%emt 00:00:03]} 3. Nf3 {[%clk 01:31:38]} {[%emt 00:00:06]} c5 {[%clk
01:31:42]} {[%emt 00:00:05]} 4. cxd5 {[%clk 01:31:56]} {[%emt 00:00:12]} exd5
{[%clk 01:32:07]} {[%emt 00:00:06]} 5. Nc3 {[%clk 01:32:17]} {[%emt 00:00:08]}
Nf6 {[%clk 01:32:31]} {[%emt 00:00:06]} 6. g3 {[%clk 01:30:02]} {[%emt
00:02:44]} Nc6 {[%clk 01:31:32]} {[%emt 00:01:29]} 7. Bg2 {[%clk 01:30:20]}
{[%emt 00:00:11]} Be7 {[%clk 01:31:54]} {[%emt 00:00:06]} 8. dxc5 {[%clk
01:29:21]} {[%emt 00:01:33]} Bxc5 {[%clk 01:32:13]} {[%emt 00:00:10]} 9. O-O
{[%clk 01:29:05]} {[%emt 00:00:46]} O-O {[%clk 01:32:35]} {[%emt 00:00:05]} 10.
a3 {[%clk 01:28:42]} {[%emt 00:00:56]} a5 {[%clk 01:31:37]} {[%emt 00:01:28]}
11. Bg5 {[%clk 01:28:17]} {[%emt 00:00:55]} d4 {[%clk 01:27:53]} {[%emt
00:04:15]} 12. Ne4 {[%clk 01:26:29]} {[%emt 00:02:16]} Be7 {[%clk 01:27:46]}
{[%emt 00:00:38]} 13. Bxf6 {[%clk 01:25:51]} {[%emt 00:01:08]} Bxf6 {[%clk
01:28:05]} {[%emt 00:00:10]} 14. Rc1 {[%clk 01:26:08]} {[%emt 00:00:14]} Bf5
{[%clk 01:24:26]} {[%emt 00:04:09]} 15. Nc5 {[%clk 01:19:09]} {[%emt 00:07:29]}
Qb6 {[%clk 01:18:56]} {[%emt 00:06:00]} 16. Na4 {[%clk 01:06:43]} {[%emt
00:12:57]} Qa7 {[%clk 01:17:48]} {[%emt 00:01:37]} 17. Qb3 {[%clk 01:02:30]}
{[%emt 00:04:43]} Rfe8 {[%clk 01:12:53]} {[%emt 00:05:24]} 18. Rfe1 {[%clk
01:01:46]} {[%emt 00:01:14]} Rad8 {[%clk 01:08:35]} {[%emt 00:04:48]} 19. Nc5
{[%clk 00:58:08]} {[%emt 00:04:09]} Re7 {[%clk 01:05:01]} {[%emt 00:04:04]} 20.
Qb5 {[%clk 00:52:06]} {[%emt 00:06:32]} Bg6 {[%clk 00:58:15]} {[%emt 00:07:16]}
21. Nd2 {[%emt 00:00:24]} 1/2-1/2

[Event "DEM U14 2023"]
[Site "Willingen GER"]
[Date "2023.05.31"]
[Round "6"]
[White "Klaska, Philipp Leon"]
[Black "Sommer, Justus"]
[Result "1/2-1/2"]
[Termination "normal"]
[Board "2"]
[WhiteElo "2026"]
[BlackElo "2047"]
[WhiteClock "01:03:12"]
[BlackClock "01:09:09"]
[PlyCount "42"]
[WhiteFideId "16238044"]
[BlackFideId "16245008"]
[EventCountry "GER"]
[EventRounds "9"]
[EventType "swiss"]
[EventDate "2023.05.27"]

1. d4 {[%clk 01:30:41]} {[%emt 00:00:18]} d5 {[%clk 01:30:44]} {[%emt
00:00:16]} 2. c4 {[%clk 01:30:46]} {[%emt 00:00:25]} e6 {[%clk 01:31:04]}
{[%emt 00:00:10]} 3. Nf3 {[%clk 01:30:56]} {[%emt 00:00:20]} Nf6 {[%clk
01:31:21]} {[%emt 00:00:13]} 4. g3 {[%clk 01:31:10]} {[%emt 00:00:16]} Be7
{[%clk 01:31:28]} {[%emt 00:00:20]} 5. Bg2 {[%clk 01:31:20]} {[%emt 00:00:22]}
O-O {[%clk 01:31:32]} {[%emt 00:00:25]} 6. O-O {[%clk 01:31:34]} {[%emt
00:00:18]} dxc4 {[%clk 01:31:25]} {[%emt 00:00:37]} 7. Qa4 {[%clk 01:30:46]}
{[%emt 00:01:16]} a6 {[%clk 01:31:21]} {[%emt 00:00:35]} 8. Qxc4 {[%clk
01:31:03]} {[%emt 00:00:14]} b5 {[%clk 01:31:39]} {[%emt 00:00:10]} 9. Qc2
{[%clk 01:31:13]} {[%emt 00:00:21]} Bb7 {[%clk 01:31:21]} {[%emt 00:00:48]} 10.
Bd2 {[%clk 01:31:15]} {[%emt 00:00:28]} Nc6 {[%clk 01:20:25]} {[%emt 00:11:28]}
11. e3 {[%clk 01:23:13]} {[%emt 00:08:31]} Nb4 {[%clk 01:16:03]} {[%emt
00:04:52]} 12. Bxb4 {[%clk 01:22:47]} {[%emt 00:00:56]} Bxb4 {[%clk 01:16:24]}
{[%emt 00:00:09]} 13. Nbd2 {[%clk 01:22:52]} {[%emt 00:00:24]} Rc8 {[%clk
01:15:08]} {[%emt 00:01:48]} 14. a3 {[%clk 01:08:53]} {[%emt 00:14:28]} Bxd2
{[%clk 01:13:09]} {[%emt 00:02:29]} 15. Qxd2 {[%clk 01:05:43]} {[%emt
00:03:40]} c5 {[%clk 01:09:47]} {[%emt 00:03:52]} 16. dxc5 {[%clk 01:02:40]}
{[%emt 00:03:33]} Qxd2 {[%clk 01:08:28]} {[%emt 00:01:49]} 17. Nxd2 {[%clk
01:03:05]} {[%emt 00:00:06]} Bxg2 {[%clk 01:08:51]} {[%emt 00:00:07]} 18. Kxg2
{[%clk 01:03:30]} {[%emt 00:00:05]} Rxc5 {[%clk 01:09:07]} {[%emt 00:00:13]}
19. Rac1 {[%clk 01:03:07]} {[%emt 00:00:53]} Rfc8 {[%clk 01:08:41]} {[%emt
00:00:56]} 20. Nb3 {[%clk 01:02:49]} {[%emt 00:00:48]} Rxc1 {[%clk 01:08:46]}
{[%emt 00:00:26]} 21. Rxc1 {[%clk 01:03:12]} {[%emt 00:00:07]} Rxc1 {[%clk
01:09:09]} {[%emt 00:00:06]} 1/2-1/2

[Event "DEM U14 2023"]
[Site "Willingen GER"]
[Date "2023.05.31"]
[Round "6"]
[White "Haubold, Sebastian Marcel"]
[Black "Ermitsch, Magnus"]
[Result "0-1"]
[Termination "normal"]
[Board "3"]
[BlackTitle "FM"]
[WhiteElo "2092"]
[BlackElo "2275"]
[WhiteClock "00:01:50"]
[BlackClock "00:16:57"]
[PlyCount "52"]
[WhiteFideId "16259637"]
[BlackFideId "16234464"]
[EventCountry "GER"]
[EventRounds "9"]
[EventType "swiss"]
[EventDate "2023.05.27"]

1. e4 {[%clk 01:30:56]} {[%emt 00:00:03]} c5 {[%clk 01:30:56]} {[%emt
00:00:04]} 2. Nf3 {[%clk 01:31:18]} {[%emt 00:00:08]} d6 {[%clk 01:31:03]}
{[%emt 00:00:23]} 3. d4 {[%clk 01:31:37]} {[%emt 00:00:11]} cxd4 {[%clk
01:31:27]} {[%emt 00:00:06]} 4. Nxd4 {[%clk 01:32:01]} {[%emt 00:00:06]} Nf6
{[%clk 01:31:47]} {[%emt 00:00:10]} 5. Nc3 {[%clk 01:32:24]} {[%emt 00:00:06]}
a6 {[%clk 01:32:03]} {[%emt 00:00:15]} 6. Be3 {[%clk 01:31:32]} {[%emt
00:01:21]} e5 {[%clk 01:32:01]} {[%emt 00:00:32]} 7. Nb3 {[%clk 01:31:38]}
{[%emt 00:00:24]} Be7 {[%clk 01:31:56]} {[%emt 00:00:36]} 8. h3 {[%clk
01:31:38]} {[%emt 00:00:30]} h6 {[%clk 01:31:54]} {[%emt 00:00:31]} 9. f4
{[%clk 01:23:46]} {[%emt 00:08:23]} Qc7 {[%clk 01:18:05]} {[%emt 00:14:19]} 10.
Qf3 {[%clk 01:17:08]} {[%emt 00:07:08]} b5 {[%clk 01:16:58]} {[%emt 00:01:38]}
11. O-O-O {[%clk 01:13:01]} {[%emt 00:04:35]} Nbd7 {[%clk 01:15:57]} {[%emt
00:01:32]} 12. g4 {[%clk 01:00:18]} {[%emt 00:13:14]} b4 {[%clk 00:51:33]}
{[%emt 00:24:53]} 13. Nd5 {[%clk 00:53:17]} {[%emt 00:07:31]} Nxd5 {[%clk
00:51:46]} {[%emt 00:00:16]} 14. exd5 {[%clk 00:53:36]} {[%emt 00:00:11]} Bb7
{[%clk 00:48:20]} {[%emt 00:03:56]} 15. Kb1 {[%clk 00:47:47]} {[%emt 00:06:19]}
a5 {[%clk 00:47:12]} {[%emt 00:01:39]} 16. Bb5 {[%clk 00:33:03]} {[%emt
00:15:14]} a4 {[%clk 00:45:41]} {[%emt 00:02:02]} 17. Nd2 {[%clk 00:28:21]}
{[%emt 00:05:11]} O-O {[%clk 00:42:17]} {[%emt 00:03:54]} 18. Bxd7 {[%clk
00:26:40]} {[%emt 00:02:11]} Qxd7 {[%clk 00:36:55]} {[%emt 00:05:52]} 19. f5
{[%clk 00:17:14]} {[%emt 00:09:56]} Qc7 {[%clk 00:22:59]} {[%emt 00:14:26]} 20.
Qe4 {[%clk 00:09:39]} {[%emt 00:08:05]} Rfc8 {[%clk 00:21:59]} {[%emt
00:01:29]} 21. h4 {[%clk 00:07:17]} {[%emt 00:02:52]} a3 {[%clk 00:18:48]}
{[%emt 00:03:42]} 22. Nb3 {[%clk 00:06:47]} {[%emt 00:01:00]} axb2 {[%clk
00:19:06]} {[%emt 00:00:12]} 23. g5 {[%clk 00:06:39]} {[%emt 00:00:38]} Rxa2
{[%clk 00:15:49]} {[%emt 00:03:46]} 24. Kxa2 {[%clk 00:05:20]} {[%emt
00:01:49]} Qc3 {[%clk 00:16:05]} {[%emt 00:00:14]} 25. Bb6 {[%clk 00:01:26]}
{[%emt 00:04:25]} Ra8+ {[%clk 00:16:30]} {[%emt 00:00:04]} 26. Ba5 {[%clk
00:01:50]} {[%emt 00:00:06]} Rxa5+ {[%clk 00:16:57]} {[%emt 00:00:04]} 0-1

[Event "DEM U14 2023"]
[Site "Willingen GER"]
[Date "2023.05.31"]
[Round "6"]
[White "Wunderlich, Elias"]
[Black "Nechitaylo, Nikita"]
[Result "0-1"]
[Termination "normal"]
[Board "4"]
[WhiteElo "1815"]
[BlackElo "2144"]
[WhiteClock "00:06:43"]
[BlackClock "00:22:36"]
[PlyCount "86"]
[WhiteFideId "34608087"]
[BlackFideId "34138161"]
[EventCountry "GER"]
[EventRounds "9"]
[EventType "swiss"]
[EventDate "2023.05.27"]

1. e4 {[%clk 01:30:59]} c5 {[%clk 01:30:55]} {[%emt 00:00:06]} 2. c3 {[%clk
01:31:24]} {[%emt 00:00:04]} Nf6 {[%clk 01:31:18]} {[%emt 00:00:07]} 3. e5
{[%clk 01:31:50]} {[%emt 00:00:05]} Nd5 {[%clk 01:31:41]} {[%emt 00:00:06]} 4.
Bc4 {[%clk 01:32:15]} {[%emt 00:00:06]} e6 {[%clk 01:32:04]} {[%emt 00:00:07]}
5. d4 {[%clk 01:32:35]} {[%emt 00:00:09]} d6 {[%clk 01:32:25]} {[%emt
00:00:10]} 6. Nf3 {[%clk 01:32:53]} {[%emt 00:00:11]} Be7 {[%clk 01:32:05]}
{[%emt 00:00:50]} 7. O-O {[%clk 01:33:10]} {[%emt 00:00:14]} O-O {[%clk
01:32:28]} {[%emt 00:00:07]} 8. Qe2 {[%clk 01:33:20]} {[%emt 00:00:20]} Nd7
{[%clk 01:32:41]} {[%emt 00:00:16]} 9. Qe4 {[%clk 01:33:23]} {[%emt 00:00:27]}
cxd4 {[%clk 01:31:58]} {[%emt 00:01:14]} 10. cxd4 {[%clk 01:33:45]} {[%emt
00:00:07]} dxe5 {[%clk 01:32:12]} {[%emt 00:00:16]} 11. Nxe5 {[%clk 01:33:22]}
{[%emt 00:00:53]} N7f6 {[%clk 01:29:46]} {[%emt 00:02:56]} 12. Qe2 {[%clk
01:33:38]} {[%emt 00:00:14]} Nb6 {[%clk 01:24:22]} {[%emt 00:05:55]} 13. Bd3
{[%clk 01:31:39]} {[%emt 00:02:29]} Qxd4 {[%clk 01:20:53]} {[%emt 00:03:59]}
14. Rd1 {[%clk 01:31:54]} {[%emt 00:00:15]} Qc5 {[%clk 01:10:18]} {[%emt
00:11:03]} 15. Nc3 {[%clk 01:30:35]} {[%emt 00:01:50]} Nbd7 {[%clk 00:58:47]}
{[%emt 00:12:01]} 16. Nc4 {[%clk 01:27:15]} {[%emt 00:03:49]} b6 {[%clk
00:55:01]} {[%emt 00:04:18]} 17. Ne4 {[%clk 01:05:52]} {[%emt 00:21:53]} Qc7
{[%clk 00:43:53]} {[%emt 00:11:37]} 18. Ncd6 {[%clk 01:00:06]} {[%emt
00:06:17]} Nd5 {[%clk 00:36:39]} {[%emt 00:07:43]} 19. Nxc8 {[%clk 00:59:09]}
{[%emt 00:01:27]} Raxc8 {[%clk 00:36:51]} {[%emt 00:00:18]} 20. Ng3 {[%clk
00:32:18]} {[%emt 00:27:22]} Nb4 {[%clk 00:28:30]} {[%emt 00:08:51]} 21. Bb5
{[%clk 00:30:57]} {[%emt 00:01:50]} Nf6 {[%clk 00:27:52]} {[%emt 00:01:05]} 22.
Qf3 {[%clk 00:19:08]} {[%emt 00:12:22]} Nc2 {[%clk 00:22:53]} {[%emt 00:05:28]}
23. Rb1 {[%clk 00:18:51]} {[%emt 00:00:47]} Rfd8 {[%clk 00:23:12]} {[%emt
00:00:12]} 24. Bd3 {[%clk 00:16:14]} {[%emt 00:03:07]} Nb4 {[%clk 00:23:21]}
{[%emt 00:00:20]} 25. Bf4 {[%clk 00:15:01]} {[%emt 00:01:44]} e5 {[%clk
00:21:24]} {[%emt 00:02:27]} 26. Bg5 {[%clk 00:09:29]} {[%emt 00:06:01]} Rxd3
{[%clk 00:19:04]} {[%emt 00:02:51]} 27. Rxd3 {[%clk 00:09:10]} {[%emt
00:00:49]} e4 {[%clk 00:17:22]} {[%emt 00:02:12]} 28. Nxe4 {[%clk 00:09:00]}
{[%emt 00:00:40]} Nxd3 {[%clk 00:17:45]} {[%emt 00:00:07]} 29. Nxf6+ {[%clk
00:04:59]} {[%emt 00:04:31]} Bxf6 {[%clk 00:18:08]} {[%emt 00:00:08]} 30. Rd1
{[%clk 00:02:37]} {[%emt 00:02:51]} Bxg5 {[%clk 00:18:11]} {[%emt 00:00:26]}
31. Rxd3 {[%clk 00:02:59]} {[%emt 00:00:08]} Qc1+ {[%clk 00:18:33]} {[%emt
00:00:09]} 32. Rd1 {[%clk 00:03:18]} {[%emt 00:00:11]} Qxd1+ {[%clk 00:18:55]}
{[%emt 00:00:08]} 33. Qxd1 {[%clk 00:03:33]} {[%emt 00:00:16]} Rc1 {[%clk
00:19:19]} {[%emt 00:00:05]} 34. Qxc1 {[%clk 00:03:55]} {[%emt 00:00:08]} Bxc1
{[%clk 00:19:43]} {[%emt 00:00:06]} 35. b3 {[%clk 00:04:21]} {[%emt 00:00:04]}
Kf8 {[%clk 00:20:03]} {[%emt 00:00:10]} 36. Kf1 {[%clk 00:04:49]} {[%emt
00:00:01]} Ke7 {[%clk 00:20:25]} {[%emt 00:00:09]} 37. Ke2 {[%clk 00:05:14]}
{[%emt 00:00:05]} Kd6 {[%clk 00:20:52]} {[%emt 00:00:03]} 38. Kd3 {[%clk
00:05:28]} {[%emt 00:00:15]} Kc5 {[%clk 00:21:13]} {[%emt 00:00:10]} 39. Ke4
{[%clk 00:05:45]} {[%emt 00:00:13]} Kb4 {[%emt 00:00:13]} 40. Kd5 {[%clk
00:06:06]} {[%emt 00:00:06]} Ka3 {[%clk 00:21:49]} {[%emt 00:00:14]} 41. Kc6
{[%clk 00:06:08]} {[%emt 00:00:27]} Kxa2 {[%clk 00:22:13]} {[%emt 00:00:07]}
42. b4 {[%clk 00:06:31]} {[%emt 00:00:07]} Kb3 {[%clk 00:22:36]} {[%emt
00:00:07]} 43. b5 {[%clk 00:06:43]} {[%emt 00:00:18]} Kb4 {[%emt 00:00:03]} 0-1

[Event "DEM U14 2023"]
[Site "Willingen GER"]
[Date "2023.05.31"]
[Round "6"]
[White "Neuhoff, Laertes"]
[Black "Sauer, Tim"]
[Result "0-1"]
[Termination "normal"]
[Board "5"]
[WhiteElo "2109"]
[BlackElo "2093"]
[WhiteClock "00:05:57"]
[BlackClock "00:01:48"]
[PlyCount "128"]
[WhiteFideId "16279719"]
[BlackFideId "16265726"]
[EventCountry "GER"]
[EventRounds "9"]
[EventType "swiss"]
[EventDate "2023.05.27"]

1. e4 {[%clk 01:30:59]} c5 {[%clk 01:30:53]} {[%emt 00:00:07]} 2. Nf3 {[%clk
01:31:22]} {[%emt 00:00:07]} Nc6 {[%clk 01:31:19]} {[%emt 00:00:04]} 3. d4
{[%clk 01:31:44]} {[%emt 00:00:09]} cxd4 {[%clk 01:31:43]} {[%emt 00:00:06]} 4.
Nxd4 {[%clk 01:32:00]} {[%emt 00:00:14]} g6 {[%clk 01:31:58]} {[%emt 00:00:14]}
5. Nc3 {[%clk 01:32:23]} {[%emt 00:00:09]} Bg7 {[%clk 01:32:24]} {[%emt
00:00:03]} 6. Be3 {[%clk 01:32:41]} {[%emt 00:00:12]} Nf6 {[%clk 01:32:46]}
{[%emt 00:00:07]} 7. Bc4 {[%clk 01:33:00]} {[%emt 00:00:11]} Qa5 {[%clk
01:33:04]} {[%emt 00:00:12]} 8. O-O {[%clk 01:33:15]} {[%emt 00:00:15]} O-O
{[%clk 01:33:29]} {[%emt 00:00:05]} 9. h3 {[%clk 01:33:21]} {[%emt 00:00:25]}
d6 {[%clk 01:27:03]} {[%emt 00:06:56]} 10. Nd5 {[%clk 01:25:12]} {[%emt
00:08:39]} Re8 {[%clk 01:21:11]} {[%emt 00:06:22]} 11. Nxf6+ {[%clk 01:19:51]}
{[%emt 00:05:51]} Bxf6 {[%clk 01:20:49]} {[%emt 00:00:52]} 12. c3 {[%clk
01:18:22]} {[%emt 00:01:59]} Bd7 {[%clk 01:17:40]} {[%emt 00:03:38]} 13. Qb3
{[%clk 01:10:53]} {[%emt 00:08:00]} Ne5 {[%clk 01:12:42]} {[%emt 00:05:28]} 14.
Be2 {[%clk 01:11:06]} {[%emt 00:00:16]} Qc7 {[%clk 01:10:11]} {[%emt 00:03:02]}
15. a4 {[%clk 00:59:49]} {[%emt 00:11:48]} Rec8 {[%clk 01:02:45]} {[%emt
00:07:55]} 16. Nb5 {[%clk 00:54:00]} {[%emt 00:06:19]} Qb8 {[%clk 01:01:26]}
{[%emt 00:01:48]} 17. f4 {[%clk 00:46:35]} {[%emt 00:07:55]} Be6 {[%clk
00:54:46]} {[%emt 00:07:11]} 18. Qc2 {[%clk 00:45:52]} {[%emt 00:01:13]} Nc4
{[%clk 00:48:18]} {[%emt 00:06:58]} 19. Bxc4 {[%clk 00:38:59]} {[%emt
00:07:23]} Bxc4 {[%clk 00:44:41]} {[%emt 00:04:06]} 20. Rfe1 {[%clk 00:36:04]}
{[%emt 00:03:26]} a6 {[%clk 00:39:14]} {[%emt 00:05:57]} 21. Na3 {[%clk
00:34:49]} {[%emt 00:01:44]} b5 {[%clk 00:35:23]} {[%emt 00:04:21]} 22. axb5
{[%clk 00:33:15]} {[%emt 00:02:05]} axb5 {[%clk 00:28:39]} {[%emt 00:07:14]}
23. Nxc4 {[%clk 00:33:08]} {[%emt 00:00:37]} Rxc4 {[%clk 00:19:43]} {[%emt
00:09:25]} 24. Rxa8 {[%clk 00:31:26]} {[%emt 00:02:11]} Qxa8 {[%clk 00:18:22]}
{[%emt 00:01:53]} 25. Bd2 {[%clk 00:30:28]} {[%emt 00:01:28]} Qa7+ {[%clk
00:11:49]} {[%emt 00:07:04]} 26. Kh1 {[%clk 00:29:04]} {[%emt 00:01:53]} Bh4
{[%clk 00:09:23]} {[%emt 00:02:55]} 27. Re2 {[%clk 00:18:38]} {[%emt 00:10:56]}
Bg3 {[%clk 00:09:23]} {[%emt 00:00:31]} 28. f5 {[%clk 00:15:32]} {[%emt
00:03:36]} Qa1+ {[%clk 00:08:18]} {[%emt 00:01:35]} 29. Qc1 {[%clk 00:15:41]}
{[%emt 00:00:21]} Qxc1+ {[%clk 00:07:50]} {[%emt 00:00:58]} 30. Bxc1 {[%clk
00:16:09]} {[%emt 00:00:02]} Ra4 {[%clk 00:07:31]} {[%emt 00:00:48]} 31. Re3
{[%clk 00:13:08]} {[%emt 00:03:32]} Bf4 {[%clk 00:07:14]} {[%emt 00:00:47]} 32.
Re1 {[%clk 00:13:28]} {[%emt 00:00:09]} Bxc1 {[%clk 00:07:40]} {[%emt
00:00:05]} 33. Rxc1 {[%clk 00:13:37]} {[%emt 00:00:21]} Rxe4 {[%clk 00:08:07]}
{[%emt 00:00:03]} 34. fxg6 {[%clk 00:12:55]} {[%emt 00:01:11]} hxg6 {[%clk
00:08:29]} {[%emt 00:00:09]} 35. Rc2 {[%clk 00:11:58]} {[%emt 00:01:27]} Kg7
{[%clk 00:08:22]} {[%emt 00:00:37]} 36. Kg1 {[%clk 00:12:22]} {[%emt 00:00:04]}
Rf4 {[%clk 00:05:42]} {[%emt 00:03:11]} 37. Kh2 {[%clk 00:11:26]} {[%emt
00:01:26]} Kf6 {[%clk 00:05:59]} {[%emt 00:00:13]} 38. Kg3 {[%clk 00:11:54]}
{[%emt 00:00:02]} g5 {[%clk 00:06:15]} {[%emt 00:00:14]} 39. Rd2 {[%clk
00:12:08]} {[%emt 00:00:16]} b4 {[%clk 00:01:13]} {[%emt 00:05:33]} 40. cxb4
{[%clk 00:10:49]} {[%emt 00:01:48]} Rxb4 {[%clk 00:01:34]} {[%emt 00:00:09]}
41. Kf3 {[%clk 00:10:48]} {[%emt 00:00:31]} Ke6 {[%clk 00:25:25]} {[%emt
00:06:39]} 42. Ke3 {[%clk 00:36:43]} {[%emt 00:04:35]} d5 {[%clk 00:21:33]}
{[%emt 00:04:23]} 43. Kd3 {[%clk 00:35:02]} {[%emt 00:02:11]} Kd6 {[%clk
00:21:04]} {[%emt 00:00:58]} 44. Kc3 {[%clk 00:33:20]} {[%emt 00:02:12]} Rc4+
{[%clk 00:21:10]} {[%emt 00:00:24]} 45. Kd3 {[%clk 00:33:37]} {[%emt 00:00:13]}
e5 {[%clk 00:20:25]} {[%emt 00:01:16]} 46. Rf2 {[%clk 00:33:50]} {[%emt
00:00:15]} Ke6 {[%clk 00:16:59]} {[%emt 00:03:57]} 47. b3 {[%clk 00:34:04]}
{[%emt 00:00:17]} e4+ {[%clk 00:17:25]} {[%emt 00:00:04]} 48. Kd2 {[%clk
00:34:21]} {[%emt 00:00:12]} Rb4 {[%clk 00:15:08]} {[%emt 00:02:48]} 49. Kc3
{[%clk 00:32:37]} {[%emt 00:02:13]} Rb5 {[%clk 00:14:16]} {[%emt 00:01:21]} 50.
g4 {[%clk 00:16:16]} {[%emt 00:16:52]} Rb8 {[%clk 00:07:47]} {[%emt 00:07:00]}
51. Rf5 {[%clk 00:13:24]} {[%emt 00:03:21]} f6 {[%clk 00:02:03]} {[%emt
00:06:14]} 52. h4 {[%clk 00:06:59]} {[%emt 00:06:54]} gxh4 {[%clk 00:02:13]}
{[%emt 00:00:22]} 53. Rh5 {[%clk 00:06:57]} {[%emt 00:00:32]} Rb5 {[%clk
00:00:51]} {[%emt 00:01:52]} 54. Rxh4 {[%clk 00:06:39]} {[%emt 00:00:47]} Ke5
{[%clk 00:01:06]} {[%emt 00:00:16]} 55. Rh5+ {[%clk 00:05:09]} {[%emt
00:01:59]} Kf4 {[%clk 00:01:19]} {[%emt 00:00:17]} 56. Rf5+ {[%clk 00:05:38]}
{[%emt 00:00:01]} Ke3 {[%clk 00:01:01]} {[%emt 00:00:49]} 57. Rxf6 {[%clk
00:05:58]} {[%emt 00:00:09]} Rc5+ {[%clk 00:00:45]} {[%emt 00:00:46]} 58. Kb4
{[%clk 00:06:07]} {[%emt 00:00:21]} Rc8 {[%clk 00:01:10]} {[%emt 00:00:06]} 59.
g5 {[%clk 00:06:25]} {[%emt 00:00:11]} d4 {[%clk 00:01:07]} {[%emt 00:00:33]}
60. g6 {[%clk 00:06:42]} {[%emt 00:00:13]} d3 {[%clk 00:01:26]} {[%emt
00:00:12]} 61. g7 {[%clk 00:06:56]} {[%emt 00:00:14]} Rg8 {[%clk 00:01:13]}
{[%emt 00:00:43]} 62. Rg6 {[%clk 00:05:15]} {[%emt 00:02:11]} d2 {[%clk
00:01:21]} {[%emt 00:00:24]} 63. Rd6 {[%clk 00:05:29]} {[%emt 00:00:15]} Rxg7
{[%clk 00:01:29]} {[%emt 00:00:22]} 64. Kc3 {[%clk 00:05:57]} {[%emt 00:00:01]}
Rc7+ {[%clk 00:01:48]} {[%emt 00:00:11]} 0-1